| 000 | 00865cam a2200277 i 4500 | ||
|---|---|---|---|
| 001 | 18895617 | ||
| 005 | 20180315105415.0 | ||
| 008 | 151214s2015 enk w 001 0 eng | ||
| 020 | _a9781784731441 (pbk) | ||
| 040 | _cPK-LaUMT | ||
| 082 |
_a346.015 _bFAM- |
||
| 245 | 0 | 0 |
_aFamily law case library. _cedited by Charles Prest |
| 250 | _a3rd ed. | ||
| 260 |
_aBristol : _bFamily Law, _c2015 |
||
| 300 |
_alxxiii, 1136 p. ; _c25 cm. + _e1 CD-ROM (4 3/4 in.) |
||
| 500 | _aIncludes index. | ||
| 650 | 0 |
_aChildren _xLegal status, laws, etc. _zEngland. |
|
| 650 | 0 |
_aChildren _xLegal status, laws, etc. _zWales. |
|
| 650 | 0 |
_aChild welfare _zEngland. |
|
| 650 | 0 |
_aChild welfare _zWales. |
|
| 650 | 0 |
_aParent and child (Law) _zEngland. |
|
| 650 | 0 |
_aParent and child (Law) _zWales. |
|
| 700 | 1 | _aPrest, Charles | |
| 700 | 1 | _aWildblood, Stephen., | |
| 942 | _cBK | ||
| 999 |
_c103918 _d103918 |
||